00330nam a2200121Ia 4500008004100000082001600041100001900057245005100076250000800127260004900135300000800184650001600192191201s2005 xx 000 0 und d a621.99bBRF aBROWN, Stephen 0aFundamentals of Digital Logic with VHDL Design a7th aN.DelhibTata Mc Graw Hill Pub co. Ltdc2005 a840 aB.Tech(ECE)